Fairgate International Ltd v Citibank International plc (Record no. 75623)

MARC details
000 -LEADER
fixed length control field 01216cab a2200181 4500
001 - CONTROL NUMBER
control field L130444
008 - FIXED-LENGTH DATA ELEMENTS--GENERAL INFORMATION
fixed length control field 050728n2005 000 0 eng u
035 ## - SYSTEM CONTROL NUMBER
System control number (Sirsi) u130444
041 ## - LANGUAGE CODE
Language code of text/sound track or separate title eng
245 ## - TITLE STATEMENT
Title Fairgate International Ltd v Citibank International plc
260 ## - PUBLICATION, DISTRIBUTION, ETC.
Date of publication, distribution, etc. 2005
490 ## - SERIES STATEMENT
Series statement Estates Gazette
Volume/sequential designation [2005] 27 EG 222-225(4)
520 ## - SUMMARY, ETC.
Summary, etc. [2005] EWCA Civ 569, 12 May 2005. Case involved a poorly worded lease which resulted in a dispute over works required on expiry. Citibank (C) were granted a leases and were obliged to yield the premises in good repair. Two further clauses required that C remove all its fixtures it had installed, return the property to its original condition, and to fit out the premises as a high-quality office building. F served notice, but C argued that that the clauses were mutually exclusive and only yielded the property in good repair. "Held:" the CA upheld the lower court's decision that the notice had been validly served. (See also L130050)
590 ## - LOCAL NOTE (RLIN)
Local note IKA020805
650 ## - SUBJECT ADDED ENTRY--TOPICAL TERM
Topical term or geographic name entry element FAIRGATE INTERNATIONAL V CITIBANK INTERNATIONAL
690 ## - LOCAL SUBJECT ADDED ENTRY--TOPICAL TERM (OCLC, RLIN)
Topical term or geographic name as entry element PROPERTY-COMMERCIAL PROPERTY-LEASEHOLD COMMERCIAL PROPERTY-COMMERCIAL LANDLORD AND TENANT-COMMERCIAL LEASES
942 ## - ADDED ENTRY ELEMENTS (KOHA)
Suppress in OPAC 0
Holdings
Withdrawn status Lost status Source of classification or shelving scheme Damaged status Not for loan Home library Current library Shelving location Date acquired Total Checkouts Full call number Barcode Date last seen Copy number Price effective from Koha item type
    Dewey Decimal Classification     London London Journal article 28/07/2005   L130444 130444-1001 06/08/2019 1 06/08/2019 Law report